[Event "36 R.G.Nezhmetdinov Memorial"]
[Site "Kazan"]
[Date "2014.06.01"]
[Round "2.4"]
[White "Ponfilenok, Vladimir"]
[Black "Danin, Alexandre"]
[Result "1/2-1/2"]
[WhiteElo "2399"]
[BlackElo "2594"]
[PlyCount "127"]
[EventDate "2014.??.??"]

1. d4 Nf6 2. Nf3 g6 3. c4 Bg7 4. g3 O-O 5. Bg2 c6 6. O-O d5 7. cxd5 cxd5 8. Nc3
Ne4 9. Ne5 Nxc3 10. bxc3 Nd7 11. Nxd7 Qxd7 12. Qb3 e6 13. e4 Rd8 14. exd5 exd5
15. Bg5 f6 16. Bf4 b6 17. Bc7 Qxc7 18. Bxd5+ Kh8 19. Bxa8 Ba6 20. Bd5 Bxf1 21.
Rxf1 Re8 22. Be6 Qd6 23. Re1 Bf8 24. Re3 Kg7 25. h4 Re7 26. Qc4 b5 27. Qb3 b4
28. cxb4 Qxd4 29. a3 Rc7 30. Kg2 Bd6 31. Qd3 Be5 32. Qxd4 Bxd4 33. Rd3 Bb6 34.
Bb3 Re7 35. Kf1 h5 36. a4 Bc7 37. Rd5 Be5 38. Rd8 Bc3 39. b5 Ba5 40. Rd6 Bb6
41. Bd5 Rc7 42. Bc6 Re7 43. Rd3 Ba5 44. Kg2 Bb6 45. Kf3 Ba5 46. Rd6 Bc7 47. Rd1
Bb6 48. Ra1 Ba5 49. Ra2 Re5 50. Rc2 Bb6 51. Be4 Re7 52. Rc6 Rd7 53. Rc2 f5 54.
Bc6 Rd3+ 55. Kg2 Ra3 56. Be8 Rxa4 57. Rc6 Ra2 58. Rxg6+ Kf8 59. Bc6 Rxf2+ 60.
Kh3 f4 61. Rg5 fxg3 62. Kxg3 Rf6 63. Rxh5 a6 64. Kg4 1/2-1/2

[Event "36 R.G.Nezhmetdinov Memorial"]
[Site "Kazan"]
[Date "2014.06.01"]
[Round "2.5"]
[White "Volkov, Sergey"]
[Black "Petrov, Nikita"]
[Result "1-0"]
[WhiteElo "2584"]
[BlackElo "2359"]
[PlyCount "113"]
[EventDate "2014.??.??"]

1. d4 Nf6 2. c4 c5 3. d5 b5 4. Nf3 Bb7 5. a4 Qa5+ 6. Bd2 b4 7. g3 e6 8. Bg5 Ne4
9. Bg2 exd5 10. O-O h6 11. Bf4 d6 12. Nfd2 Nf6 13. cxd5 g5 14. Be3 Bg7 15. Nc4
Qd8 16. h3 O-O 17. f4 g4 18. h4 Re8 19. Qd3 Ba6 20. Nbd2 Nbd7 21. Bf2 Nb6 22.
b3 Nxc4 23. bxc4 Nd7 24. Ra2 Rb8 25. a5 Qf6 26. Rc1 Qe7 27. e4 Qf8 28. Qb3 Bc3
29. Qa4 Nf6 30. e5 dxe5 31. Qc6 e4 32. Bxc5 Qg7 33. Qxa6 e3 34. Nb1 e2 35. Nxc3
e1=Q+ 36. Rxe1 Rxe1+ 37. Kh2 Nd7 38. Bf2 Qxc3 39. Bxe1 Qxe1 40. Qxa7 b3 41. Rb2
Qc3 42. Rb1 Qc2 43. Rf1 b2 44. Qxd7 b1=Q 45. Rxb1 Rxb1 46. Qxg4+ Kf8 47. Qc8+
Kg7 48. d6 Rb2 49. Qg4+ Kf8 50. Qf3 Rb3 51. Qh5 Qf2 52. Qxh6+ Ke8 53. Qg5 Re3
54. c5 Re2 55. Qg8+ Kd7 56. Qxf7+ Kd8 57. Qc7+ 1-0

[Event "36 R.G.Nezhmetdinov Memorial"]
[Site "Kazan"]
[Date "2014.06.01"]
[Round "2.6"]
[White "Gerasimov, Ivan"]
[Black "Savchenko, Boris"]
[Result "0-1"]
[WhiteElo "2346"]
[BlackElo "2559"]
[PlyCount "68"]
[EventDate "2014.??.??"]

1. d4 d5 2. c4 e6 3. Nf3 Nd7 4. g3 dxc4 5. Bg2 Rb8 6. O-O b5 7. b3 cxb3 8. axb3
a6 9. Bb2 Ngf6 10. Nbd2 Bb7 11. Ne5 Bxg2 12. Kxg2 Qc8 13. Nxd7 Nxd7 14. Qc2
Qb7+ 15. Kg1 Bb4 16. Ba3 Bxa3 17. Rxa3 Qb6 18. e3 c5 19. dxc5 Qxc5 20. Qxc5
Nxc5 21. b4 Na4 22. Rc1 O-O 23. Rc6 Ra8 24. Rd3 Rfc8 25. Rdd6 Rxc6 26. Rxc6 Nb2
27. Rd6 Kf8 28. Ne4 Ke7 29. Rb6 Ra7 30. Nc5 Na4 31. Nxa4 bxa4 32. Rc6 a5 33. b5
Kd7 34. Rc5 Rc7 0-1

[Event "36 R.G.Nezhmetdinov Memorial"]
[Site "Kazan"]
[Date "2014.06.01"]
[Round "2.8"]
[White "Mozharov, Mikhail"]
[Black "Amirkhanov, Rustem"]
[Result "1-0"]
[WhiteElo "2552"]
[BlackElo "2311"]
[PlyCount "99"]
[EventDate "2014.??.??"]

1. d4 e6 2. Nf3 f5 3. c4 Nf6 4. g3 c6 5. Bg2 d5 6. Nbd2 Bd6 7. O-O O-O 8. Qc2
Qe7 9. Ne5 Nbd7 10. Nd3 Ne4 11. Nf3 c5 12. cxd5 exd5 13. dxc5 Ndxc5 14. Bf4
Nxd3 15. Bxd6 Qxd6 16. Qxd3 Be6 17. e3 g6 18. Nd4 Bf7 19. Rac1 Rac8 20. Rc2 Qb6
21. Rfc1 Rxc2 22. Rxc2 Re8 23. Qf1 a6 24. Qc1 Qd6 25. a3 h5 26. Rc7 Re7 27.
Rc8+ Kg7 28. h4 Qf6 29. Rc7 Qd6 30. Rxe7 Qxe7 31. b4 Qd7 32. Qb2 Kg8 33. Qc2
Kg7 34. a4 Qd6 35. b5 axb5 36. axb5 Kf6 37. Qc8 Nc5 38. Bf3 Qb6 39. Qh8+ Ke7
40. Qe5+ Kf8 41. Bxd5 Bxd5 42. Qxd5 Ke7 43. Qe5+ Kf7 44. Nf3 Ne4 45. Qd5+ Kf6
46. Kg2 Qc7 47. Qd4+ Ke6 48. Ng5+ Nxg5 49. hxg5 Qe7 50. e4 {Kd5 [%clk 0:07:30]}
1-0

[Event "36 R.G.Nezhmetdinov Memorial"]
[Site "Kazan"]
[Date "2014.06.01"]
[Round "2.9"]
[White "Morgunov, Anatoly"]
[Black "Shaposhnikov, Evgeny"]
[Result "0-1"]
[WhiteElo "2307"]
[BlackElo "2550"]
[PlyCount "200"]
[EventDate "2014.??.??"]

1. c4 c5 2. Nc3 g6 3. g3 Bg7 4. Bg2 Nc6 5. Nf3 d6 6. O-O Nh6 7. d3 O-O 8. Bxh6
Bxh6 9. d4 Bg7 10. d5 Na5 11. Qd3 a6 12. Rab1 b5 13. cxb5 axb5 14. Nxb5 Ba6 15.
b3 Qd7 16. a4 Rfb8 17. b4 Nb7 18. Qd2 cxb4 19. Rxb4 Nc5 20. Nfd4 Bxb5 21. axb5
Bxd4 22. Qxd4 Rxb5 23. Rxb5 Qxb5 24. Qe3 Ra7 25. h4 Qb3 26. Qxb3 Nxb3 27. Rd1
Kg7 28. Rd3 Nc5 29. Re3 f5 30. f4 Kf6 31. Kf2 Ra4 32. Bf3 h6 33. Kg2 Rd4 34.
Kf2 h5 35. Ra3 Kf7 36. Ke3 Rb4 37. Kf2 Nd7 38. Ra5 Nf6 39. Ra2 Rb5 40. Rd2 Ke8
41. Ke3 Kd7 42. Rd1 Rb3+ 43. Kd4 Ra3 44. Rb1 Ke8 45. Rc1 Kf7 46. Rg1 Nd7 47.
Rc1 Nc5 48. Rg1 Kf6 49. Rb1 Ra4+ 50. Ke3 Rc4 51. Rg1 Rb4 52. Kf2 Rb3 53. Rd1
Rc3 54. Ra1 Nd7 55. Rg1 Nb6 56. Ra1 Nc4 57. Rd1 Rc2 58. Ra1 Nd2 59. Ke3 Rb2 60.
Kf2 Rb3 61. Bg2 Nb1 62. Bf3 Nc3 63. Rc1 Ra3 64. Kg2 Nb5 65. Rd1 Rb3 66. Kf2 Rb2
67. Rc1 Nd4 68. Rd1 Nb5 69. Kg2 Nc3 70. Re1 Rd2 71. Kh3 Nxd5 72. e4 fxe4 73.
Rxe4 e6 74. Re1 Ne7 75. g4 Rd3 76. Rf1 hxg4+ 77. Kxg4 Nf5 78. Rh1 Rd4 79. Re1
d5 80. Re2 Rd3 81. Rf2 Ra3 82. h5 gxh5+ 83. Kxh5 Ra8 84. Kg4 Ne3+ 85. Kh3 Rh8+
86. Kg3 Rg8+ 87. Kh3 Kf5 88. Be2 Ke4 89. Bf3+ Kd3 90. Be2+ Kd4 91. Bh5 Rg7 92.
Kh4 Nf5+ 93. Kh3 Ke3 94. Rf3+ Ke4 95. Rf2 d4 96. Be8 Ke3 97. Rf1 d3 98. Re1+
Kf2 99. Rxe6 Rg3+ 100. Kh2 Rg4 0-1

[Event "36 R.G.Nezhmetdinov Memorial"]
[Site ", "]
[Date "2014.06.01"]
[Round "2.10"]
[White "Lintchevski, Daniil"]
[Black "Samusenko, Maksim"]
[Result "1/2-1/2"]
[WhiteElo "2546"]
[BlackElo "2306"]
[PlyCount "142"]
[EventDate "2015.??.??"]

1. e4 c5 2. Nf3 Nc6 3. d4 cxd4 4. Nxd4 e5 5. Nb5 a6 6. Nd6+ Bxd6 7. Qxd6 Qe7 8.
Qxe7+ Ngxe7 9. Nc3 d5 10. Bd2 Be6 11. exd5 Nxd5 12. Nxd5 Bxd5 13. O-O-O O-O-O
14. Bc3 f6 15. Be2 Rhe8 16. Rhg1 Kc7 17. b3 Be6 18. Rxd8 Rxd8 19. Rd1 Rxd1+ 20.
Bxd1 Bd5 21. f3 Ne7 22. Kd2 Bc6 23. Bb4 Kd7 24. c4 Nf5 25. Ke2 g5 26. Kf2 h5
27. Bc3 h4 28. a4 Nd6 29. Bc2 Ke6 30. Bd2 Bd7 31. g3 hxg3+ 32. hxg3 Bc6 33. g4
Kd7 34. Ke3 Ke7 35. Kf2 Kd7 36. Ba5 Ke7 37. Bb4 Kd7 38. Bh7 Kc7 39. Ke2 Kd7 40.
Ke3 Kc7 41. Bg8 Bd7 42. Bd5 Bc8 43. c5 Ne8 44. Ba5+ Kd7 45. b4 Ng7 46. b5 axb5
47. axb5 Ne6 48. c6+ bxc6 49. Bxc6+ Kd6 50. Bb6 Nc7 51. Ke4 Be6 52. Ba5 Nd5 53.
Bd8 Kc5 54. Be8 Nc3+ 55. Ke3 Nd5+ 56. Kf2 f5 57. Kg3 fxg4 58. fxg4 e4 59. Bxg5
e3 60. Bc6 e2 61. Bd2 Nc7 62. Bf3 Nxb5 63. Bxe2 Nd4 64. Bd3 Kd6 65. Kf4 Nc6 66.
g5 Ke7 67. Bc3 Kf7 68. g6+ Kg8 69. Kg5 Ne7 70. Bb4 Nxg6 71. Kxg6 Bd5 1/2-1/2

[Event "36 R.G.Nezhmetdinov Memorial"]
[Site ", "]
[Date "2014.06.01"]
[Round "2.11"]
[White "Toropov, Pavel"]
[Black "Yudin, Sergei"]
[Result "1/2-1/2"]
[WhiteElo "2305"]
[BlackElo "2546"]
[PlyCount "81"]
[EventDate "2015.??.??"]

1. e4 d6 2. c4 e5 3. Ne2 Nf6 4. Nbc3 Be7 5. d4 O-O 6. d5 c6 7. Ng3 a6 8. a4 a5
9. Be2 Na6 10. Be3 Ne8 11. Bg4 Bxg4 12. Qxg4 Nb4 13. Qe2 g6 14. O-O Bg5 15.
Rad1 cxd5 16. Nxd5 Nxd5 17. Rxd5 Bxe3 18. Qxe3 Nc7 19. Rd2 Ne6 20. Rfd1 Qc7 21.
Rxd6 Qxc4 22. b3 Qc2 23. R6d2 Qc7 24. Ne2 Rac8 25. h3 Qc5 26. Qg3 b5 27. axb5
Qxb5 28. Qe3 Nc5 29. Nc1 Qb4 30. f3 Ne6 31. Ne2 Nc5 32. Nc1 Ne6 33. Ne2 Qc5 34.
Qxc5 Nxc5 35. Nc1 f6 36. Rd6 Kf7 37. Kf2 Rfe8 38. Rb6 Rb8 39. Rdd6 Rxb6 40.
Rxb6 Rc8 41. Ne2 1/2-1/2

[Event "36 R.G.Nezhmetdinov Memorial"]
[Site ", "]
[Date "2014.06.01"]
[Round "2.12"]
[White "Denisov, Lev"]
[Black "Rozum, Ivan"]
[Result "0-1"]
[WhiteElo "2302"]
[BlackElo "2535"]
[PlyCount "96"]
[EventDate "2015.??.??"]

1. e4 Nf6 2. e5 Nd5 3. d4 d6 4. Nf3 dxe5 5. Nxe5 c6 6. Bc4 Nd7 7. Nf3 N7f6 8.
c3 Bf5 9. O-O e6 10. Qe2 Bd6 11. Ne5 Qc7 12. Re1 O-O 13. a4 c5 14. Na3 a6 15.
dxc5 Bxc5 16. Bd3 Rad8 17. Bg5 h6 18. Bd2 Bxd3 19. Nxd3 Bd6 20. h3 Nb6 21. a5
Nbd5 22. c4 Ne7 23. Bc3 Ng6 24. Bxf6 gxf6 25. b4 Be5 26. Rac1 Rd4 27. c5 Rfd8
28. Nxe5 Nxe5 29. Nc2 Rd2 30. Qe3 Ng6 31. Qxh6 Qf4 32. Qxf4 Nxf4 33. Ne3 Ne2+
34. Rxe2 Rxe2 35. c6 bxc6 36. Rxc6 Rd4 37. Rxa6 Rxb4 38. Ra7 f5 39. a6 Rb1+ 40.
Kh2 Rxf2 41. Nc4 f4 42. Rb7 Ra1 43. h4 f3 44. Ne3 Re2 45. a7 Rxe3 46. Rb8+ Kg7
47. a8=Q Rxa8 48. Rxa8 f2 0-1

[Event "36 R.G.Nezhmetdinov Memorial"]
[Site ", "]
[Date "2014.06.01"]
[Round "2.13"]
[White "Amerzianov, Timur"]
[Black "Pogonina, Natalija"]
[Result "0-1"]
[WhiteElo "2301"]
[BlackElo "2501"]
[PlyCount "164"]
[EventDate "2015.??.??"]

1. e4 e5 2. Nf3 Nc6 3. Bb5 a6 4. Ba4 Nf6 5. O-O b5 6. Bb3 Bb7 7. d3 Be7 8. a4
O-O 9. Re1 d6 10. c3 Na5 11. Bc2 c5 12. Nbd2 Re8 13. Nf1 h6 14. Ng3 Bf8 15. Bd2
Nc6 16. Nf5 d5 17. axb5 axb5 18. Qe2 Ne7 19. Rxa8 Bxa8 20. N3h4 Nxf5 21. Nxf5
Qb6 22. Bc1 Bb7 23. Qf3 dxe4 24. dxe4 Qc6 25. b3 Kh8 26. g4 Qe6 27. h3 Rd8 28.
g5 hxg5 29. Bxg5 Rd7 30. Kh2 g6 31. Ng3 Nh7 32. Be3 Be7 33. Qe2 Bc6 34. Ra1 Ng5
35. Qg4 Qxg4 36. hxg4 Kg7 37. Ra6 Bb7 38. Rb6 Nf3+ 39. Kh3 b4 40. Bd1 Ng5+ 41.
Bxg5 Bxg5 42. cxb4 Bd8 43. Rxb7 Rxb7 44. bxc5 Be7 45. c6 Rc7 46. Be2 Rxc6 47.
Bc4 Bc5 48. Kg2 Rd6 49. Bd5 Rf6 50. f3 Ra6 51. Ne2 Ra2 52. Bc4 Rc2 53. Kg3 Be3
54. f4 exf4+ 55. Nxf4 Bd4 56. Nd3 Re2 57. Kf4 f6 58. Bd5 Re3 59. Bc4 Kf8 60. g5
fxg5+ 61. Kxg5 Kg7 62. Kf4 Kh6 63. Ne5 Rc3 64. Nf3 Be3+ 65. Kg4 Bc5 66. Ne5 Kg7
67. Nf3 Bd6 68. e5 Bc7 69. Kf4 Kh6 70. Kg4 Bd8 71. Ne1 Re3 72. Nd3 g5 73. Kf5
Kh5 74. e6 Be7 75. b4 Kh4 76. Nc5 g4 77. Ne4 Bd8 78. Bd5 g3 79. Nd2 Kh3 80. Kf4
Rd3 81. e7 Bxe7 82. Be6+ Kg2 0-1

[Event "36 R.G.Nezhmetdinov Memorial"]
[Site ", "]
[Date "2014.06.01"]
[Round "2.14"]
[White "Gavrilov, Alexei"]
[Black "Gorozhanin, Mikhail"]
[Result "1-0"]
[WhiteElo "2491"]
[BlackElo "2299"]
[PlyCount "87"]
[EventDate "2015.??.??"]

1. e4 e6 2. d4 d5 3. Nd2 Nf6 4. e5 Nfd7 5. Bd3 c5 6. c3 Nc6 7. Ne2 cxd4 8. cxd4
f6 9. exf6 Qxf6 10. Nf3 h6 11. O-O Bd6 12. Ng3 O-O 13. Bc2 Rd8 14. Re1 Nf8 15.
Ne5 Bd7 16. f4 Be8 17. Rf1 Rac8 18. Be3 Qh4 19. Rc1 Ne7 20. Bd3 Rxc1 21. Qxc1
Rc8 22. Qd2 Nc6 23. Bb1 Qd8 24. Qf2 Ne7 25. f5 exf5 26. Bxf5 Nxf5 27. Nxf5 Ng6
28. Qg3 Rc2 29. Bf4 Bxe5 30. Bxe5 Qg5 31. Bxg7 Qxg3 32. hxg3 Bb5 33. Rf3 Rxb2
34. Bxh6 Rxa2 35. Nd6 Bc4 36. Rf7 Ra6 37. Rg7+ Kf8 38. Rxb7+ Kg8 39. Rg7+ Kf8
40. Rxa7+ Kg8 41. Rg7+ Kf8 42. Rxg6+ Ke7 43. Nf5+ Ke8 44. Rxa6 1-0

[Event "36 R.G.Nezhmetdinov Memorial"]
[Site ", "]
[Date "2014.06.01"]
[Round "2.15"]
[White "Tokarev, Ilya"]
[Black "Matinian, Nikita"]
[Result "0-1"]
[WhiteElo "2295"]
[BlackElo "2478"]
[PlyCount "48"]
[EventDate "2015.??.??"]

1. c4 f5 2. Nf3 Nf6 3. g3 g6 4. Bg2 Bg7 5. O-O O-O 6. Nc3 d6 7. Rb1 e5 8. d3
Nc6 9. b4 h6 10. b5 Ne7 11. Ba3 g5 12. c5 Be6 13. c6 b6 14. Bb2 f4 15. Ne1 d5
16. a4 Ng6 17. Nc2 h5 18. Ba3 Rf7 19. e4 d4 20. Nd5 g4 21. gxf4 exf4 22. Nxf6+
Qxf6 23. e5 Qh4 24. Be4 f3 0-1

[Event "36 R.G.Nezhmetdinov Memorial"]
[Site ", "]
[Date "2014.06.01"]
[Round "2.16"]
[White "Rjabzev, Konstantin"]
[Black "Galliamova, Alisa"]
[Result "1/2-1/2"]
[WhiteElo "2292"]
[BlackElo "2466"]
[PlyCount "122"]
[EventDate "2015.??.??"]

1. e4 c5 2. Nf3 e6 3. d4 cxd4 4. Nxd4 Nf6 5. Nc3 d6 6. f4 Be7 7. Bb5+ Bd7 8. e5
dxe5 9. fxe5 Nd5 10. Nxd5 exd5 11. Qg4 Bxb5 12. Nxb5 Qa5+ 13. Nc3 d4 14. Qxd4
Nc6 15. Qe4 Qxe5 16. Qxe5 Nxe5 17. Bf4 Ng6 18. Be3 Bb4 19. Bd2 O-O-O 20. O-O-O
f6 21. Rhe1 Ne5 22. Re4 Ba5 23. b4 Bc7 24. Nb5 Bb8 25. Bf4 a6 26. Nc3 Rxd1+ 27.
Kxd1 Rd8+ 28. Kc1 g5 29. Bg3 h5 30. Na4 b5 31. Nc5 h4 32. Be1 h3 33. gxh3 f5
34. Re3 Nc4 35. Rd3 Re8 36. Bd2 Nxd2 37. Kxd2 Bxh2 38. Rd5 g4 39. hxg4 fxg4 40.
Nd3 Bc7 41. Rg5 g3 42. Rg4 a5 43. bxa5 Bxa5+ 44. c3 Bc7 45. Nc5 Bb6 46. Nd3 Bc7
47. Nc5 Bb6 48. Nd3 Bc7 49. Nc5 Rh8 50. Kd3 Rf8 51. Ne4 Rf1 52. Ke2 Rg1 53. Kf3
Rc1 54. Rg5 Rf1+ 55. Kg2 Ra1 56. Nxg3 Rxa2+ 57. Kf1 Bxg3 58. Rxg3 Kc7 59. Ke1
Kb6 60. Kd1 Ka5 61. Rg4 Rf2 1/2-1/2

[Event "36 R.G.Nezhmetdinov Memorial"]
[Site ", "]
[Date "2014.06.01"]
[Round "2.17"]
[White "Kuderinov, Kirill"]
[Black "Filipenko, Alexander V"]
[Result "1-0"]
[WhiteElo "2442"]
[BlackElo "2293"]
[PlyCount "87"]
[EventDate "2015.??.??"]

1. e4 c5 2. Nf3 e6 3. c3 d5 4. exd5 Qxd5 5. d4 Nf6 6. Bd3 Be7 7. O-O O-O 8. c4
Qd7 9. dxc5 Rd8 10. Ne5 Qd4 11. Qe2 Qxc5 12. Nc3 Nbd7 13. Nf3 Qh5 14. Bf4 b6
15. Bc7 Re8 16. Ne5 Qxe2 17. Bxe2 Bb7 18. Nxd7 Nxd7 19. Rad1 Nf6 20. Nb5 Rec8
21. Bd6 Bd8 22. Ba3 Bc6 23. h3 a6 24. Nd4 Be8 25. Bf3 Ra7 26. b3 Be7 27. Bxe7
Rxe7 28. Nc2 Rd7 29. Rxd7 Bxd7 30. Bb7 Rd8 31. Bxa6 Bc6 32. Nb4 Ba8 33. Rc1 Ne4
34. f3 Nc5 35. Bb5 g5 36. Na6 Rd2 37. Nxc5 bxc5 38. Re1 h5 39. Re5 g4 40. Rxc5
Rxa2 41. hxg4 hxg4 42. Rg5+ Kf8 43. Rxg4 Ke7 44. Rg8 1-0

[Event "36 R.G.Nezhmetdinov Memorial"]
[Site ", "]
[Date "2014.06.01"]
[Round "2.18"]
[White "Murzin, Lenar"]
[Black "Tunik, Gennady"]
[Result "0-1"]
[WhiteElo "2115"]
[BlackElo "2430"]
[PlyCount "94"]
[EventDate "2015.??.??"]

1. e4 c5 2. d4 cxd4 3. Nf3 Nc6 4. Nxd4 e6 5. Nc3 a6 6. Be3 Nf6 7. Bd3 Qc7 8.
O-O Nxd4 9. Bxd4 Bc5 10. Bxc5 Qxc5 11. a4 b6 12. Qd2 d6 13. Rfb1 Bb7 14. b4 Qe5
15. f4 Qd4+ 16. Kh1 O-O 17. Qe1 e5 18. Ne2 Qe3 19. Ng3 Qxe1+ 20. Rxe1 exf4 21.
Nf5 Rfd8 22. a5 g6 23. Ne7+ Kf8 24. Nd5 Bxd5 25. exd5 b5 26. Kg1 Rac8 27. Rad1
Nxd5 28. Bxb5 Nxb4 29. Ba4 Nxc2 30. Re4 Ne3 31. Rb1 Rc4 32. Rb4 Rxe4 33. Rxe4
Rc8 34. Kf2 Ng4+ 35. Ke2 Rc5 36. Rxf4 Ne5 37. Bb3 Rxa5 38. h4 Rb5 39. Bc2 h5
40. Ra4 a5 41. Ke3 Rb4 42. g3 Rxa4 43. Bxa4 Ke7 44. Kd4 Nd7 45. Bd1 f5 46. Bc2
Nc5 47. Kd5 a4 0-1

[Event "36 R.G.Nezhmetdinov Memorial"]
[Site ", "]
[Date "2014.06.01"]
[Round "2.19"]
[White "Ulko, Jaroslav"]
[Black "Sadykov, Ramil"]
[Result "1-0"]
[WhiteElo "2422"]
[BlackElo "2288"]
[PlyCount "101"]
[EventDate "2015.??.??"]

1. d4 Nf6 2. Nf3 d5 3. c4 e6 4. Nc3 c6 5. g3 Nbd7 6. Bg2 Be7 7. O-O O-O 8. b3
b6 9. Bb2 Bb7 10. Qc2 Rc8 11. e4 Nxe4 12. Nxe4 dxe4 13. Qxe4 Qc7 14. Qe2 Bf6
15. Rad1 Rfd8 16. Nd2 c5 17. Bxb7 Qxb7 18. Ne4 Qc7 19. dxc5 Bxb2 20. cxb6 Qxb6
21. Qxb2 Rxc4 22. Rfe1 Rcc8 23. Rd4 Nc5 24. Nxc5 Rxd4 25. Qxd4 Qxc5 26. Rd1 g6
27. Qf6 Qa5 28. Rd7 Rf8 29. a4 Qb6 30. Qf3 a6 31. Rb7 Qa5 32. Ra7 Qb6 33. Rb7
Qa5 34. Kg2 h5 35. h4 Kg7 36. Qc6 Kg8 37. b4 Qd5+ 38. Qxd5 exd5 39. Rb6 Ra8 40.
a5 Kg7 41. Kf3 f6 42. Ke3 g5 43. Kd4 gxh4 44. gxh4 Kg6 45. Kxd5 Kf5 46. Kc6 Kg4
47. Kb7 Rf8 48. Rxa6 Kxh4 49. Rc6 Kg5 50. a6 h4 51. a7 1-0

[Event "36 R.G.Nezhmetdinov Memorial"]
[Site ", "]
[Date "2015.06.01"]
[Round "2.21"]
[White "Yagupov, Igor"]
[Black "Yeletsky, Ivan"]
[Result "1/2-1/2"]
[WhiteElo "2414"]
[BlackElo "2200"]
[PlyCount "41"]
[EventDate "2015.??.??"]

1. e4 e5 2. Nf3 Nc6 3. Bb5 Nf6 4. d3 Bc5 5. c3 O-O 6. O-O d6 7. h3 Ne7 8. d4
Bb6 9. Re1 Ng6 10. Nbd2 c6 11. Ba4 exd4 12. cxd4 d5 13. exd5 Nxd5 14. Nc4 Bc7
15. Bb3 Ngf4 16. Nce5 Be6 17. Re4 Ng6 18. Bg5 Qc8 19. Nh4 Nxh4 20. Bxh4 Bd8 21.
Bxd8 1/2-1/2

[Event "36 R.G.Nezhmetdinov Memorial"]
[Site ", "]
[Date "2014.06.01"]
[Round "2.22"]
[White "Timofeev, Artyom"]
[Black "Kozina, Anastasia"]
[Result "1-0"]
[WhiteElo "2603"]
[BlackElo "1886"]
[PlyCount "59"]
[EventDate "2015.??.??"]

1. d4 Nf6 2. c4 e6 3. Nc3 Bb4 4. f3 d5 5. a3 Bxc3+ 6. bxc3 c5 7. cxd5 Nxd5 8.
dxc5 Qa5 9. e4 Nf6 10. Be3 O-O 11. Kf2 Nfd7 12. Rb1 Qc7 13. Qd6 Qa5 14. Bb5 a6
15. Bxd7 Bxd7 16. Rxb7 Bc6 17. Rxb8 Raxb8 18. Qxc6 Qxc3 19. Ne2 Qxa3 20. Bd4
Rfd8 21. Qc7 Qb3 22. Qg3 f6 23. Bxf6 Rd7 24. Rc1 Rf8 25. Be5 g6 26. Bc3 Qc4 27.
Qe5 Kf7 28. Bd4 Rxd4 29. Qxd4 Qxd4+ 30. Nxd4 1-0

[Event "36 R.G.Nezhmetdinov Memorial"]
[Site ", "]
[Date "2015.06.01"]
[Round "2.23"]
[White "Lomasov, Semen"]
[Black "Popov, Ivan"]
[Result "0-1"]
[WhiteElo "2188"]
[BlackElo "2650"]
[PlyCount "75"]
[EventDate "2015.??.??"]

1. e4 c5 2. Nc3 a6 3. g3 b5 4. Bg2 Bb7 5. d3 e6 6. Be3 Nf6 7. Nf3 b4 8. Ne2 d5
9. e5 Nfd7 10. d4 Nc6 11. c3 a5 12. O-O Ba6 13. Re1 bxc3 14. bxc3 cxd4 15. cxd4
Bb4 16. Bd2 O-O 17. a3 Be7 18. h4 Nb6 19. Bg5 Nc4 20. Nf4 h6 21. Bxe7 Qxe7 22.
Qc1 Qa7 23. Rd1 Ne7 24. Nd3 Rfc8 25. Qf4 Rab8 26. Nc5 Ng6 27. Qg4 Ngxe5 28.
Nxe5 Nxe5 29. Qh5 Nd7 30. Nxd7 Qxd7 31. Rab1 Qa4 32. Qe5 Rxb1 33. Rxb1 Qxa3 34.
Kh2 Qa2 35. Rb8 Qxf2 36. Rxc8+ Bxc8 37. Qc7 Ba6 38. Qb6 0-1

[Event "36 R.G.Nezhmetdinov Memorial"]
[Site ", "]
[Date "2014.06.01"]
[Round "2.24"]
[White "Turkin, Viktor"]
[Black "Fedorov, Alexei"]
[Result "1/2-1/2"]
[WhiteElo "2285"]
[BlackElo "2574"]
[PlyCount "104"]
[EventDate "2015.??.??"]

1. e4 c5 2. Nf3 e6 3. d4 cxd4 4. Nxd4 a6 5. Bd3 Bc5 6. Nb3 Be7 7. Qg4 g6 8. Qe2
d6 9. Nc3 Nd7 10. O-O Ne5 11. Be3 Nf6 12. f4 Nxd3 13. cxd3 O-O 14. Rac1 b5 15.
e5 Nd7 16. exd6 Bxd6 17. Ne4 Be7 18. Bd2 b4 19. Rc2 a5 20. Be3 Nf6 21. Qf3 Ba6
22. Rd1 Nd5 23. Bf2 Rc8 24. Nbc5 Bb5 25. Rdc1 Rc6 26. a4 Ba6 27. Nxa6 Rxa6 28.
Rc4 Re8 29. b3 Ra8 30. g3 Qd7 31. Qe2 Red8 32. Bd4 f6 33. Qb2 Kf7 34. R1c2 Rac8
35. Qc1 Rxc4 36. Rxc4 Qb7 37. Bf2 Rd7 38. Qc2 f5 39. Ng5+ Bxg5 40. fxg5 Nc3 41.
Be1 Qf3 42. Bxc3 bxc3 43. Rxc3 Qe3+ 44. Kg2 Qxg5 45. Qf2 e5 46. Qe1 Qe7 47. Qe3
Rd4 48. Qc1 Qb7+ 49. Kh3 Qf3 50. Rc7+ Kg8 51. Rc8+ Kg7 52. Rc7+ Kg8 1/2-1/2

[Event "36 R.G.Nezhmetdinov Memorial"]
[Site ", "]
[Date "2014.06.01"]
[Round "2.25"]
[White "Shariyazdanov, Andrey"]
[Black "Igonin, Temur"]
[Result "1-0"]
[WhiteElo "2568"]
[BlackElo "2215"]
[PlyCount "117"]
[EventDate "2015.??.??"]

1. d4 d5 2. c4 dxc4 3. e3 Nf6 4. Bxc4 e6 5. Nf3 c5 6. O-O a6 7. dxc5 Qxd1 8.
Rxd1 Bxc5 9. Be2 Nbd7 10. Nbd2 b6 11. Nc4 Bb7 12. Nd4 Rc8 13. Nb3 Be7 14. Bd2
O-O 15. f3 a5 16. e4 Ba6 17. Rac1 a4 18. Nd4 Bc5 19. Be3 Ne5 20. Nxe5 Bxe2 21.
Re1 Rfd8 22. Rxe2 Bxd4 23. Rxc8 Bxe3+ 24. Rxe3 Rxc8 25. Rc3 Rxc3 26. bxc3 Ne8
27. Kf2 f6 28. Nd7 b5 29. Ke3 e5 30. Kd3 Nd6 31. Nb6 Kf7 32. c4 bxc4+ 33. Nxc4
Nb5 34. Nb6 a3 35. Nc4 Ke6 36. Kc2 Nd4+ 37. Kc3 Kd7 38. Nxa3 Ne2+ 39. Kd2 Nf4
40. g3 Ne6 41. Nc2 g6 42. Kd3 Kd6 43. Kc4 Ng5 44. Ne1 f5 45. exf5 gxf5 46. a4
Kc6 47. f4 exf4 48. gxf4 Nh3 49. Nd3 Ng1 50. a5 Kb7 51. Kd5 Nf3 52. h3 Ng1 53.
Nf2 Ne2 54. Ke5 Ng3 55. Nd1 Ka6 56. Ne3 Ne4 57. Kxf5 Nf2 58. h4 Kxa5 59. Ke6
1-0

[Event "36 R.G.Nezhmetdinov Memorial"]
[Site ", "]
[Date "2014.06.01"]
[Round "2.26"]
[White "Nizamov, Bulat"]
[Black "Ibragimov, Ildar"]
[Result "1/2-1/2"]
[WhiteElo "2005"]
[BlackElo "2557"]
[PlyCount "44"]
[EventDate "2015.??.??"]

1. d4 f5 2. Nf3 Nf6 3. g3 g6 4. Bg2 Bg7 5. O-O O-O 6. c4 d6 7. Nc3 c6 8. d5 e5
9. dxe6 Bxe6 10. b3 Na6 11. Ba3 Nc5 12. Ng5 Qe7 13. Nxe6 Qxe6 14. Qc2 Rad8 15.
Bxc5 dxc5 16. Rad1 Ng4 17. Rxd8 Rxd8 18. Rd1 Re8 19. Bf3 Ne5 20. Bg2 Ng4 21.
Bf3 Ne5 22. Bg2 Ng4 1/2-1/2

[Event "36 R.G.Nezhmetdinov Memorial"]
[Site ", "]
[Date "2014.06.01"]
[Round "2.27"]
[White "Rychagov, Andrey"]
[Black "Glukhov, Alexander"]
[Result "1-0"]
[WhiteElo "2535"]
[BlackElo "2185"]
[PlyCount "111"]
[EventDate "2015.??.??"]

1. d4 Nf6 2. c4 e6 3. Nf3 d5 4. Nc3 dxc4 5. e3 c5 6. Bxc4 Nc6 7. O-O cxd4 8.
exd4 Be7 9. a3 O-O 10. Qd3 Nd5 11. Ne4 b6 12. Ba2 Bb7 13. Bb1 g6 14. Bh6 Re8
15. Ba2 Bf8 16. Bg5 Be7 17. h4 Nf6 18. Nc3 Qd6 19. Rad1 Rad8 20. Rfe1 Ng4 21.
d5 Bxg5 22. dxe6 Rxe6 23. Qxd6 Rexd6 24. Nxg5 Rxd1 25. Bxf7+ Kg7 26. Nxd1 h6
27. Be6 hxg5 28. Bxg4 gxh4 29. Nc3 Kf7 30. Bf3 Na5 31. Ne4 Kg7 32. Ng5 Kf6 33.
Nh7+ Kf7 34. b4 Bxf3 35. Ng5+ Kf6 36. Nxf3 Nc4 37. a4 Nd2 38. Ne5 Rd4 39. Nc6
Rc4 40. Nxa7 Rxb4 41. Ra1 Ne4 42. f3 Ng3 43. Nb5 Ke5 44. Kh2 Kd5 45. a5 bxa5
46. Rxa5 Ke6 47. Ra6+ Kf7 48. Nd6+ Kg7 49. Kh3 Rd4 50. Ne8+ Kf7 51. Nf6 Ne2 52.
Ne4 Nf4+ 53. Kxh4 Nxg2+ 54. Kg3 Ne3 55. Ng5+ Kg8 56. Ra8+ 1-0

[Event "36 R.G.Nezhmetdinov Memorial"]
[Site ", "]
[Date "2014.06.01"]
[Round "2.29"]
[White "Fakhrutdinov, Timur"]
[Black "Yandemirov, Valeri"]
[Result "1/2-1/2"]
[WhiteElo "2161"]
[BlackElo "2403"]
[PlyCount "83"]
[EventDate "2015.??.??"]

1. e4 e5 2. Nf3 Nc6 3. Bc4 Nf6 4. Ng5 d5 5. exd5 Na5 6. Bb5+ Bd7 7. Qe2 Be7 8.
Nf3 O-O 9. Nxe5 Bxb5 10. Qxb5 Bd6 11. d4 Bxe5 12. dxe5 Qxd5 13. Qxd5 Nxd5 14.
Bd2 Nc4 15. Nc3 Nxc3 16. Bxc3 Nxe5 17. O-O-O Nc6 18. Rd7 Rac8 19. b4 a6 20. a4
Rfd8 21. Rhd1 Rxd7 22. Rxd7 f6 23. g4 Nb8 24. Re7 Nc6 25. Rd7 Nb8 26. Rd3 Kf7
27. f4 Nc6 28. Rd7+ Ne7 29. f5 Ke8 30. Rd3 Rd8 31. Rxd8+ Kxd8 32. Kd2 Nd5 33.
Kd3 Nb6 34. a5 Nd7 35. Ke4 Ke7 36. Bd2 c6 37. Bf4 Kf7 38. Bd6 Ke8 39. h3 Kf7
40. c3 Ke8 41. Kf4 Kf7 42. Ke4 1/2-1/2